000 00304nam a22001337a 4500
008 190129b xxu||||| |||| 00| 0 eng d
020 _a0029117909
041 _aeng
080 _a316
100 _a50
101 _aSOC
245 _aIndividual Change Through Small Groups
_cSundel,M
942 _2udc
_cBK
999 _c53836
_d53836